Normal view MARC view
  • Sah, D. C. / Sisodia, Y. S

Entry Personal Name

Number of records used in: 1

001 - CONTROL NUMBER

  • control field: 48503

003 - CONTROL NUMBER IDENTIFIER

  • control field: OSt

005 - DATE AND TIME OF LATEST TRANSACTION

  • control field: 20220806103033.0

008 - FIXED-LENGTH DATA ELEMENTS

  • fixed length control field: 220806|| aca||aabn | a|a d

040 ## - CATALOGING SOURCE

  • Original cataloging agency: OSt
  • Transcribing agency: OSt

100 ## - HEADING--PERSONAL NAME

  • Personal name: Sah, D. C. / Sisodia, Y. S

670 ## - SOURCE DATA FOUND

  • Source citation: Work cat.: (OSt)28379: Sah, D. C. / Sisodia, Y. S., Tribal Issues In India, 2004